000 03654nam0a2200421 4500
001 RU\NLR\BIBL_A\012901218
005 20221226160652.0
010 _a978-5-91326-718-4
_9500
021 _aRU
_bКН-П-22-051915
_9КН-П-22-4509
035 _a(NLR Aleph) 012901218
035 _a(RuMoRGB)011168227
090 _a12581512
_c12581513
100 _a20221003d2022 k y0rusy50 ca
101 0 _arus
_deng
102 _aRU
105 _aah z 000zy
181 0 _ai3
_baxxe
182 0 _an
200 1 _aСемейные ценности в отечественном медиадискурсе
_eмонография
_fН. О. Автаева, О. Н. Савинова
_gМинистерство науки и высшего образования Российской Федерации, Федеральное государственное автономное образовательное учреждение высшего образования "Национальный исследовательский Нижегородский государственный университет им. Н. И. Лобачевского"
203 _aТекст
_bвизуальный
_cнепосредственный
210 _aНижний Новгород
_cННГУ им. Н. И. Лобачевского
_d2022
215 _a170 с.
_cцв. ил., факс., табл.
_d21
300 _aНа 169-й с. авт.: Автаева Н. О. - канд. полит. наук, доц., Савинова О. Н. - д-р полит. наук, проф.
300 _aРез. англ.
320 _aБиблиогр.: с. 154-168
320 _aДр. кн. авт.: с. 170
330 _aВ монографии "Семейные ценности в отечественном медиадискурсе" рассматриваются вопросы освещения семьи как социального института в отечественной медиапрактике, систематизируются сведения о нормативно-правовых документах в сфере семейной политики. Авторы рассматривают традиционные СМИ, рекламу и блогосферу с позиции репрезентации ценностей семьи и родительства. Отдельное внимание уделяется теме приемного родительства и медиаресурсам, направленным на семейное устройство детей-сирот и детей, оставшихся без попечения родителей. Монография адресуется всем, кому интересны проблемы современной семьи, она может быть рекомендована студентам-бакалаврам и студентам-магистрантам направления "Журналистика"
606 1 _aСредства массовой информации
_xОсвещение вопросов семьи и брака
_2nlr_sh2
_3RU\NLR\AUTH\6601714157
606 1 _aСемья
_xОриентации ценностные
_2nlr_sh1
_2nlr_sh2
_3RU\NLR\AUTH\661292473
686 1 _aЧ600.0
686 1 _aС550.537
686 1 _aС550.25
700 1 _aАвтаева
_bН. О.
_f1981-
_gНаталия Олеговна
_3RU\NLR\AUTH\770228783
701 1 _aСавинова
_bО. Н.
_gОльга Николаевна
942 _cBOOK
980 _aNB